Detalles MARC
| 000 -LIDER |
| fixed length control field |
01114nam a22003257a 4500 |
| 001 - NÚMERO DE CONTROL |
| Identificador de número de control |
000570 |
| 003 - IDENTIFICACDOR DE NÚMERO DE CONTROL |
| control field |
DO-SdBNP |
| 005 - DATE AND TIME OF LATEST TRANSACTION |
| control field |
20231020102349.0 |
| 007 - CAMPOS FIJOS DE DESCRIPCIÓN FÍSICA |
| fixed length control field |
000570 |
| 008 - ELEMENTOS DE LONGITUD FIJA |
| fixed length control field |
161019b 2009 sp a 00| 0 spa d |
| 020 ## - ISBN |
| International Standard Book Number |
9788466792462 |
| 040 ## - FUENTE DE CATALOGACIÓN |
| Agencia que crea de manera original el registro |
BPMSU |
| Idioma de catalogación |
spa |
| Agencia que realiza la transcripción |
BPMSU |
| 050 ## - NÚMERO DE CLASIFICACIÓN BIBLIOTECA DEL CONGRESO |
| Item number |
|
| 082 #4 - NÚMERO DE CLASIFICACIÓN DECIMAL DE DEWEY |
| Classification number |
823.83 |
| Item number |
D548c 2009 |
| Edition number |
22 |
| 100 1# - ASIENTO PRINCIPAL -- NOMBRE PERSONAL |
| Nombre personal |
Dickens, Charles, |
| Fechas asociadas con el nombre |
1812-1870 |
| 240 ## - TITULO UNIFORME |
| Título uniforme |
A Christmas carol. |
| Medio (Designación general de material) |
Español |
| 245 10 - MENCIÓN DE TITULO |
| Título |
Canción de Navidad : |
| Subtítulo |
villancico en prosa, o, cuento navideño de espectros. |
| Mención de responsabilidad |
Charles Dickens ; ilustraciones de Arthur Rackham, John Leech y Harry Furniss ; traducción, Santiago R. Santerbás. |
| 260 ## - PUBLICACIÓN, DISTRIBUCIÓN, ETC. (PIE DE IMPRENTA) |
| Lugar de publicación, distribución, etc |
Madrid : |
| Nombre del editor, distribuidor, etc. |
Anaya, |
| Fecha de publicación, distribución, etc |
2009. |
| 300 ## - DESCRIPCIÓN FÍSICA |
| Extensión |
175 p. : |
| Otros detalles físicos |
il. ; |
| Dimensiones |
22 cm. |
| 534 ## - NOTA SOBRE LA VERSIÓN ORIGINAL |
| Asiento principal del original |
Tìtulob original : |
| Mención del título original |
A Christmas carol |
| 590 ## - NOTA LOCAL |
| Texto de la nota local |
Inventariado, 2023/VM |
| 650 #4 - ENCABEZAMIENTO DE MATERIA--TEMÁTICO |
| Término temático o nombre geográfico como elemento de entrada |
Navidad - ficción. |
| 650 #4 - ENCABEZAMIENTO DE MATERIA--TEMÁTICO |
| Término temático o nombre geográfico como elemento de entrada |
Fantasmas - Fiction. |
| 651 #4 - ENCABEZAMIENTO DE MATERIA--NOMBRE GEOGRÁFICO |
| Nombre geográfico |
Gran Bretaña |
| Subdivisión temática general |
Historia ficción. |
| Subdivisión de forma |
|
| 700 1# - ASIENTO SECUNDARIO -- NOMBRE PERSONAL |
| Nombre personal |
Rackham, Arthur, |
| Fechas asociadas con el nombre |
1867-1939. |
| 700 1# - ASIENTO SECUNDARIO -- NOMBRE PERSONAL |
| Nombre personal |
Leech, John, |
| Fechas asociadas con el nombre |
1817-1864. |
| 700 1# - ASIENTO SECUNDARIO -- NOMBRE PERSONAL |
| Nombre personal |
Furniss, Harry |
| 910 ## - VALIDACIÓN |
| Validación |
VMateo V. Control de calidad. BPMSU |
| 942 ## - ADDED ENTRY ELEMENTS (KOHA) |
| Source of classification or shelving scheme |
Dewey Decimal Classification |
| Koha item type |
Libros |